000 00793cab a22002055a 4500
001 L153875
008 110914e20110910xxk 000 0 eng d
035 _a(Sirsi) u153875
041 0 _aeng
100 1 _aKelly, Richard
245 0 0 _aWalking the invisible line
260 _c2011
490 _aEstates Gazette
_v(1136) 10 September 2011, 90-91(2)
520 _aThe majority of registered titles establish only a general boundary of the land. The exact line of a boundary will be undetermined unless an application to the Land Registry is made for it to be fixed.
590 _aKA
650 2 4 _aLAND REGISTRATION ACT 2002
651 4 _aEngland and Wales
_y1543-
690 _aPROPERTY-PROPERTY ACQUISITION AND DISPOSAL-REGISTRATION OF TITLE TO PROPERTY-LAND REGISTRATION
942 _n0
999 _c83409
_d83409